Normal view MARC view
  • Astorga, María Christina A.

Entry NOMBRE PERSONAL

Number of records used in: 2

001 - NUMERO DE CONTROL DEL REGISTRO

  • Campo de control: 48819

003 - IDENTIFICADOR DEL NÚMERO DE CONTROL

  • Campo de control: ES-SlBCS

005 - FECHA Y HORA DE LA ÚLTIMA TRANSACCIÓN

  • Campo de control: 20210327223247.0

008 - ELEMENTOS DE LONGITUD FIJA

  • Campos de control de longitud fija: 210327|| aca||aabn | a|a d

040 ## - FUENTE DE LA CATALOGACIÓN

  • Agencia que crea de manera original el registro: ES-SlBCS
  • Agencia que realiza la transcripción: ES-SlBCS

100 ## - ENCABEZAMIENTO - NOMBRE PERSONAL

  • Nombre personal: Astorga, María Christina A.

670 ## - FUENTE EN LA QUE SE LOCALIZARON DATOS

  • Cita de la fuente: Work cat.: (ES-SlBCS)301225: Astorga, María Christina A., Culture, Religion, and Moral Vision: A Theological Discourse on the Filipino People Power Revolution of 1986

Bibliotecas Dominicos Provincia Hispania, 2016

Con tecnología Koha